000 00634nam a2200217Ia 4500
005 20260325202921.0
008 260325s9999||||xx |||||||||||||| ||und||
020 _a9789347551772
020 _qhb
082 _a552
_bBAA
100 _aBaadiga, Ramu... et al.
245 0 _aRocks and minerals : an illustrated practical guide : 225+ original photographs
260 _aNew Delhi
_bAne Publishers and Distributors
_c2026
300 _a[xiv], 392p. ; 24cm.
653 _aCE214
653 _aGems--Identification
653 _aMineralogy
653 _aMinerals--Identification
653 _aRocks--Identification
942 _cBK
999 _c53098
_d53098